[Event "USA tt"]
[Site "ICC INT"]
[Date "2010.10.11"]
[Round "8"]
[White "Shen, Victor C"]
[Black "Braylovsky, Gregory"]
[Result "0-1"]
[WhiteElo "2213"]
[BlackElo "2344"]
[PlyCount "64"]
[EventDate "2010.08.23"]
[EventType "team"]
[EventRounds "10"]
[EventCountry "USA"]
[SourceTitle "CBM 138 Extra"]
[Source "ChessBase"]
[SourceDate "2010.10.29"]
[SourceVersion "1"]
[SourceVersionDate "2010.10.29"]
[SourceQuality "1"]

1. e4 c5 2. Nf3 Nc6 3. d4 cxd4 4. Nxd4 e5 5. Nb5 d6 6. c4 Be7 7. N1c3 a6 8. Na3 f5 9. exf5 Bxf5 10. Bd3 Be6 11. 0-0 Nf6 12. Nc2 0-0 13. Nd5 Kh8 14. Nce3 Nd4 15. b3 a5 16. Bb2 a4 17. Nxe7 Qxe7 18. Bxd4 exd4 19. Nc2 Ng4 20. h3 Ne5 21. Be4 Qg5 22. Qxd4 Bxh3 23. Qe3 Rf4 24. Qxh3 Rxe4 25. Rad1 Rh4 26. Qg3 Qh6 27. f3 axb3 28. axb3 Ra2 29. Qxe5 Rh1+ 30. Kf2 Rxc2+ 31. Qe2 Rxf1+ 32. Rxf1 Qh4+ 0-1

[Event "New York Marshall CC-ch 91st"]
[Site "New York"]
[Date "2007.12.15"]
[Round "6"]
[White "Bonin, Jay R"]
[Black "Braylovsky, Gregory"]
[Result "1-0"]
[WhiteElo "2365"]
[BlackElo "2336"]
[PlyCount "77"]
[EventDate "2007.12.07"]
[EventType "swiss"]
[EventRounds "9"]
[EventCountry "USA"]
[SourceTitle "CBM 122 Extra"]
[Source "ChessBase"]
[SourceDate "2008.03.04"]
[SourceVersion "1"]
[SourceVersionDate "2008.03.04"]
[SourceQuality "1"]

1. c4 c5 2. Nf3 Nc6 3. Nc3 e5 4. g3 g6 5. Bg2 Bg7 6. Rb1 Nge7 7. a3 a5 8. d3 0-0 9. 0-0 d6 10. Ne1 Be6 11. Nd5 a4 12. b3 axb3 13. Rxb3 Na5 14. Rb1 Nxd5 15. cxd5 Bd7 16. f4 c4 17. fxe5 dxe5 18. Be3 b5 19. Bc5 Re8 20. d6 Rc8 21. Bb4 Nc6 22. dxc4 Nxb4 23. Rxb4 bxc4 24. Bd5 Be6 25. Bxe6 Rxe6 26. d7 Rc7 27. Rb8 Qxb8 28. d8Q+ Re8 29. Qxb8 Rxb8 30. Qd6 Rbc8 31. Nc2 c3 32. a4 Ra7 33. Qd5 Bf8 34. Kg2 Rc5 35. Qb3 Rcc7 36. Rb1 Rd7 37. Qb8 Rxa4 38. Qe8 Rd2 39. Rb8 1-0

[Event "New York Marshall CC-ch 91st"]
[Site "New York"]
[Date "2007.12.09"]
[Round "4"]
[White "Braylovsky, Gregory"]
[Black "Sena, Juan Oscar"]
[Result "1-0"]
[WhiteElo "2336"]
[BlackElo "2181"]
[PlyCount "71"]
[EventDate "2007.12.07"]
[EventType "swiss"]
[EventRounds "9"]
[EventCountry "USA"]
[SourceTitle "CBM 122 Extra"]
[Source "ChessBase"]
[SourceDate "2008.03.04"]
[SourceVersion "1"]
[SourceVersionDate "2008.03.04"]
[SourceQuality "1"]

1. e4 e6 2. d4 d5 3. Nc3 Nf6 4. Bg5 Bb4 5. e5 h6 6. Bd2 Bxc3 7. bxc3 Ne4 8. Qg4 g6 9. Bd3 Nxd2 10. Kxd2 c5 11. h4 c4 12. Be2 Bd7 13. h5 g5 14. Rb1 Bc6 15. f4 gxf4 16. Qg7 Rf8 17. Qxh6 Nd7 18. Qxf4 Qe7 19. Nf3 0-0-0 20. Nh4 Qa3 21. Qe3 Ba4 22. g4 Qxa2 23. Rbc1 a5 24. g5 b5 25. g6 b4 26. g7 Rg8 27. h6 b3 28. Bh5 b2 29. Rb1 Bxc2 30. Kxc2 Qb3+ 31. Kd2 a4 32. Bd1 Qb5 33. Bxa4 Qxa4 34. Rxb2 Kc7 35. Rhb1 Kc6 36. Rb7 1-0

[Event "New York Marshall CC-ch 91st"]
[Site "New York"]
[Date "2007.12.08"]
[Round "2"]
[White "Braylovsky, Gregory"]
[Black "Kudrin, Sergey"]
[Result "0-1"]
[WhiteElo "2336"]
[BlackElo "2543"]
[PlyCount "90"]
[EventDate "2007.12.07"]
[EventType "swiss"]
[EventRounds "9"]
[EventCountry "USA"]
[SourceTitle "CBM 122 Extra"]
[Source "ChessBase"]
[SourceDate "2008.03.04"]
[SourceVersion "1"]
[SourceVersionDate "2008.03.04"]
[SourceQuality "1"]

1. e4 c5 2. Nf3 d6 3. d4 cxd4 4. Qxd4 Nc6 5. Bb5 Bd7 6. Bxc6 Bxc6 7. Nc3 Nf6 8. Bg5 e6 9. 0-0-0 Be7 10. Rhe1 h6 11. Bf4 0-0 12. Qd2 e5 13. Bxh6 gxh6 14. Qxh6 Nh7 15. h4 Bf6 16. g4 Bg7 17. Qe3 Re8 18. g5 Nf8 19. h5 Ne6 20. h6 Bh8 21. Nh4 Kh7 22. Rg1 Rg8 23. Qf3 Nf4 24. Qg4 Bd7 25. Nf5 Be6 26. Qh4 Rc8 27. Rxd6 Qc7 28. Rd2 Qa5 29. Rg3 b5 30. Ne7 Ng6 31. Nxg6 Rxg6 32. a3 Rc4 33. Qh1 b4 34. Nd5 bxa3 35. Rxa3 Ra4 36. Rxa4 Qxa4 37. Kb1 Rxg5 38. Nc3 Qa5 39. Rd1 Qc5 40. f3 a5 41. Qh4 Rg2 42. Qh1 Qf2 43. Rc1 Qxf3 44. Rf1 Qg4 45. b3 Rg3 0-1

[Event "USA-chT Amateur East"]
[Site "Parsippany"]
[Date "2005.03.20"]
[Round "4"]
[White "Braylovsky, Gregory"]
[Black "Friedman, Josef"]
[Result "1/2-1/2"]
[WhiteElo "2327"]
[BlackElo "2194"]
[PlyCount "61"]
[EventDate "2005.03.19"]
[EventType "team"]
[EventRounds "6"]
[EventCountry "USA"]
[SourceTitle "CBM 105 Extra"]
[Source "ChessBase"]
[SourceDate "2005.05.01"]
[SourceVersion "1"]
[SourceVersionDate "2005.05.01"]
[SourceQuality "1"]

1. e4 c5 2. Nf3 Nc6 3. Bb5 e6 4. Bxc6 bxc6 5. 0-0 Ne7 6. d3 Ng6 7. b3 Be7 8. Nbd2 f6 9. h4 0-0 10. g3 d5 11. Qe2 Bd6 12. h5 Ne5 13. Nxe5 Bxe5 14. Rb1 Qa5 15. Nf3 Bc3 16. h6 g6 17. e5 Qc7 18. Bb2 Bxb2 19. Rxb2 Qe7 20. exf6 Rxf6 21. Ne5 Qf8 22. f4 Rf5 23. Ng4 e5 24. Nxe5 Qxh6 25. Rf2 Rh5 26. Rh2 Rh3 27. Rxh3 Bxh3 28. Rb1 Re8 29. Rc1 Qf8 30. Qf2 Qd6 31. Nf3 1/2-1/2

[Event "New York Masters 129th"]
[Site "New York"]
[Date "2005.01.04"]
[Round "3"]
[White "Lenderman, Aleksandr"]
[Black "Braylovsky, Gregory"]
[Result "1-0"]
[WhiteElo "2329"]
[BlackElo "2327"]
[PlyCount "64"]
[EventDate "2005.01.11"]
[EventType "swiss (rapid)"]
[EventRounds "4"]
[EventCountry "USA"]
[SourceTitle "CBM 104 Extra"]
[Source "ChessBase"]
[SourceDate "2005.03.01"]
[SourceVersion "1"]
[SourceVersionDate "2005.03.01"]
[SourceQuality "1"]

1. e4 c5 2. d4 cxd4 3. c3 dxc3 4. Nxc3 Nc6 5. Nf3 e6 6. Bc4 a6 7. 0-0 Qc7 8. Re1 d6 9. Bf4 Nf6 10. Rc1 Be7 11. e5 dxe5 12. Nxe5 Qd8 13. Qf3 Nxe5 14. Bxe5 0-0 15. Rcd1 Qb6 16. Qg3 Rd8 17. Rxd8+ Qxd8 18. Rd1 Qf8 19. Qf3 Nd7 20. Bg3 Ra7 21. a4 b6 22. Qc6 Nc5 23. b4 Bd7 24. Qxb6 Rb7 25. Qa5 Nxa4 26. Nxa4 Rxb4 27. Rxd7 Rxc4 28. h3 Qe8 29. Nb6 Rc5 30. Qd2 h6 31. Bd6 Bg5 32. Bf4 Bxf4 1-0

[Event "New York Masters 67th"]
[Site "New York"]
[Date "2003.08.05"]
[Round "2"]
[White "Braylovsky, Gregory"]
[Black "Cela, Altin"]
[Result "1-0"]
[WhiteElo "2327"]
[BlackElo "2482"]
[PlyCount "45"]
[EventDate "2003.08.05"]
[EventType "swiss (rapid)"]
[EventRounds "4"]
[EventCountry "USA"]
[SourceTitle "CBM 095 Extra"]
[Source "ChessBase"]
[SourceDate "2003.09.04"]
[SourceVersion "1"]
[SourceVersionDate "2003.09.04"]
[SourceQuality "1"]

1. e4 e5 2. Nf3 Nc6 3. Bb5 a6 4. Ba4 Nf6 5. Bxc6 dxc6 6. d3 Bd6 7. Bg5 h6 8. Bh4 c5 9. Nbd2 Qe7 10. Nc4 b5 11. Ne3 g5 12. Bg3 Bd7 13. Qe2 0-0-0 14. 0-0 c4 15. dxc4 Bc6 16. Nd5 Qe6 17. Nxf6 Qxf6 18. cxb5 axb5 19. c4 b4 20. c5 g4 21. cxd6 gxf3 22. Qa6+ Bb7 23. d7+ 1-0

[Event "New York Masters 66th"]
[Site "New York"]
[Date "2003.07.29"]
[Round "4"]
[White "Stripunsky, Alexander"]
[Black "Braylovsky, Gregory"]
[Result "0-1"]
[WhiteElo "2543"]
[BlackElo "2327"]
[PlyCount "86"]
[EventDate "2003.07.29"]
[EventType "swiss (rapid)"]
[EventRounds "4"]
[EventCountry "USA"]
[SourceTitle "CBM 095 Extra"]
[Source "ChessBase"]
[SourceDate "2003.09.04"]
[SourceVersion "1"]
[SourceVersionDate "2003.09.04"]
[SourceQuality "1"]

1. e4 c5 2. Nc3 Nc6 3. g3 d6 4. Bg2 g6 5. d3 Bg7 6. Nh3 Rb8 7. f4 Nd4 8. 0-0 Nf6 9. Nd5 Nxd5 10. exd5 0-0 11. c3 Nf5 12. Ng5 b5 13. Qe1 b4 14. g4 bxc3 15. bxc3 Nh6 16. h3 Qa5 17. Bd2 Rb2 18. Rd1 Qxa2 19. Ra1 Qb3 20. Rxa7 Qc2 21. Nf3 Qxd3 22. Rxe7 Qxd5 23. f5 Qa2 24. Re8 Bd7 25. Rxf8+ Bxf8 26. Kh1 Bb5 27. c4 Bxc4 28. Rg1 Bd5 29. Qe8 Rxd2 30. Nxd2 Qxd2 31. Bxd5 Qxd5+ 32. Kh2 Qd2+ 33. Rg2 Qf4+ 34. Kg1 d5 35. Qa8 Qd4+ 36. Kh1 Qe4 37. Qc8 c4 38. Kh2 Qe5+ 39. Kg1 Kg7 40. Rf2 Qg3+ 41. Kf1 Qxh3+ 42. Rg2 Qf3+ 43. Kg1 Nxg4 0-1

[Event "Internet Section 17-A"]
[Site "Dos Hermanas"]
[Date "2003.03.17"]
[Round "6"]
[White "Braylovsky, Gregory"]
[Black "Strikovic, Aleksa"]
[Result "1/2-1/2"]
[WhiteElo "2327"]
[BlackElo "2467"]
[PlyCount "73"]
[EventDate "2003.03.17"]
[EventType "swiss (blitz)"]
[EventRounds "9"]
[EventCountry "ESP"]
[SourceTitle "EXT 2004"]
[Source "ChessBase"]
[SourceDate "2003.11.25"]
[SourceVersion "1"]
[SourceVersionDate "2003.11.25"]
[SourceQuality "1"]

1. e4 d6 2. d4 Nf6 3. Nc3 e5 4. dxe5 dxe5 5. Qxd8+ Kxd8 6. Bc4 Be6 7. Bxe6 fxe6 8. Be3 Bd6 9. 0-0-0 Nbd7 10. f3 a6 11. g4 Ke7 12. Nge2 b5 13. Ng3 Bc5 14. Bg5 Rad8 15. Nh5 Kf7 16. Nxf6 gxf6 17. Bh6 Kg6 18. Bd2 h5 19. h3 Rh7 20. Ne2 hxg4 21. hxg4 Rdh8 22. Rhf1 Rh2 23. Ng3 R8h3 24. Nh5 Nf8 25. Bc3 Kf7 26. f4 b4 27. Bd2 exf4 28. Bxf4 Be3+ 29. Bxe3 Rxe3 30. Nxf6 Ke7 31. Ng8+ Ke8 32. Nf6+ Ke7 33. g5 Ree2 34. Ng8+ Ke8 35. Nf6+ Ke7 36. Ng8+ Ke8 37. Nf6+ 1/2-1/2

[Event "USA-chT Amateur East"]
[Site "Parsippany"]
[Date "2003.02.17"]
[Round "5"]
[White "Charbonneau, Pascal"]
[Black "Braylovsky, Gregory"]
[Result "1/2-1/2"]
[WhiteElo "2444"]
[BlackElo "2327"]
[PlyCount "59"]
[EventDate "2003.02.15"]
[EventType "team"]
[EventRounds "6"]
[EventCountry "USA"]
[SourceTitle "EXT 2004"]
[Source "ChessBase"]
[SourceDate "2003.11.25"]
[SourceVersion "1"]
[SourceVersionDate "2003.11.25"]
[SourceQuality "1"]

1. e4 c5 2. Nf3 Nc6 3. Nc3 e5 4. Bc4 d6 5. d3 Be7 6. 0-0 Nf6 7. Ng5 0-0 8. f4 Na5 9. Nf3 Nxc4 10. dxc4 exf4 11. Bxf4 Be6 12. Qd3 Nh5 13. Be3 Bf6 14. Rad1 Bxc3 15. Qxc3 Qc7 16. b3 Rae8 17. Qd3 b6 18. Nd2 Qe7 19. Rde1 Bc8 20. Rf2 h6 21. h3 f5 22. exf5 Ng3 23. f6 Rxf6 24. Rxf6 Qxf6 25. Bf2 Rxe1+ 26. Bxe1 Nf5 27. g4 Qe6 28. Bf2 Ne7 29. Qe4 d5 30. cxd5 1/2-1/2

[Event "USA-chT Amateur East"]
[Site "Parsippany"]
[Date "2003.02.15"]
[Round "1"]
[White "Bartell, Thomas"]
[Black "Braylovsky, Gregory"]
[Result "1/2-1/2"]
[WhiteElo "2252"]
[BlackElo "2327"]
[PlyCount "40"]
[EventDate "2003.02.15"]
[EventType "team"]
[EventRounds "6"]
[EventCountry "USA"]
[SourceTitle "EXT 2004"]
[Source "ChessBase"]
[SourceDate "2003.11.25"]
[SourceVersion "1"]
[SourceVersionDate "2003.11.25"]
[SourceQuality "1"]

1. c4 Nf6 2. Nc3 e5 3. Nf3 Nc6 4. d4 exd4 5. Nxd4 Bb4 6. Bg5 h6 7. Bh4 Qe7 8. Rc1 Qe5 9. e3 Ne4 10. Nde2 Qh5 11. Bg3 Bxc3+ 12. bxc3 Nxg3 13. Nxg3 Qxd1+ 14. Rxd1 b6 15. Be2 Bb7 16. 0-0 a6 17. Nh5 0-0 18. Rxd7 Rfc8 19. Bf3 Na5 20. Bxb7 Nxb7 1/2-1/2

[Event "New York Masters 21st"]
[Site "New York"]
[Date "2002.08.20"]
[Round "1"]
[White "Braylovsky, Gregory"]
[Black "Ibragimov, Ildar"]
[Result "0-1"]
[WhiteElo "2327"]
[BlackElo "2576"]
[PlyCount "104"]
[EventDate "2002.08.20"]
[EventType "swiss (rapid)"]
[EventRounds "4"]
[EventCountry "USA"]
[SourceTitle "EXT 2003"]
[Source "ChessBase"]
[SourceDate "2002.11.25"]
[SourceVersion "1"]
[SourceVersionDate "2002.11.25"]
[SourceQuality "1"]

1. e4 d6 2. d4 g6 3. Nc3 c6 4. Be3 Nf6 5. f3 b5 6. Qd2 Nbd7 7. Bd3 Bb7 8. Nge2 a6 9. Ng3 h5 10. a3 Bg7 11. Rd1 Qc7 12. 0-0 c5 13. dxc5 Nxc5 14. Qf2 0-0 15. Rfe1 Rac8 16. Bf1 Nfd7 17. Nge2 Ne6 18. Kh1 Ne5 19. Bb6 Qb8 20. Nd4 Nc5 21. Nb3 Ned7 22. Ba5 Nxb3 23. cxb3 Nc5 24. b4 Nd7 25. Rc1 e6 26. Red1 Rc6 27. a4 bxa4 28. b5 axb5 29. Bxb5 Nc5 30. Bxc6 Bxc6 31. Rb1 Rc8 32. Na2 Nb3 33. Bc3 d5 34. Bxg7 Kxg7 35. exd5 Bxd5 36. Nc3 Bc6 37. Qg3 Qxg3 38. hxg3 Be8 39. Ne4 Rc2 40. Nd6 Bc6 41. Re1 g5 42. Ne4 Bxe4 43. Rxe4 Nc5 44. Rd4 f5 45. Rb4 g4 46. fxg4 hxg4 47. Re1 Kf6 48. Rb6 Ne4 49. Kh2 Rc8 50. Re3 Rc1 51. Ra6 Rb1 52. Rxa4 Nf2 0-1

[Event "USA-ch U18"]
[Site "San Francisco"]
[Date "1999.08.05"]
[Round "9"]
[White "Shahade, Jennifer"]
[Black "Braylovsky, Gregory"]
[Result "0-1"]
[WhiteElo "2290"]
[BlackElo "2271"]
[PlyCount "64"]
[EventDate "1999.07.27"]
[EventType "tourn"]
[EventRounds "9"]
[EventCountry "USA"]
[EventCategory "4"]
[SourceTitle "CBM 071 Extra"]
[Source "ChessBase"]
[SourceDate "1999.09.14"]
[SourceVersion "1"]
[SourceVersionDate "1999.09.14"]
[SourceQuality "1"]

1. e4 c5 2. Nf3 Nc6 3. Bb5 d6 4. 0-0 Bd7 5. Re1 a6 6. Bf1 g6 7. c3 Bg4 8. h3 Bxf3 9. Qxf3 Bg7 10. Qd1 e5 11. a4 Nge7 12. Na3 0-0 13. Nc4 d5 14. exd5 Nxd5 15. g3 Qc7 16. Bg2 Rad8 17. a5 Rfe8 18. d3 h6 19. Qa4 Kh7 20. Ne3 Nde7 21. Qa3 Rxd3 22. Qxc5 f5 23. Nd5 Nxd5 24. Bxd5 e4 25. Bxc6 Re6 26. Bf4 Rxc6 27. Bxc7 Rxc5 28. Bb6 Rcd5 29. c4 Rd7 30. Rab1 Rb3 31. Re2 Rdd3 32. Rc2 Be5 0-1

[Event "USA-ch U18"]
[Site "San Francisco"]
[Date "1999.08.02"]
[Round "6"]
[White "Schneider, Dmitry"]
[Black "Braylovsky, Gregory"]
[Result "1/2-1/2"]
[WhiteElo "2358"]
[BlackElo "2271"]
[PlyCount "129"]
[EventDate "1999.07.27"]
[EventType "tourn"]
[EventRounds "9"]
[EventCountry "USA"]
[EventCategory "4"]
[SourceTitle "CBM 071 Extra"]
[Source "ChessBase"]
[SourceDate "1999.09.14"]
[SourceVersion "1"]
[SourceVersionDate "1999.09.14"]
[SourceQuality "1"]

1. e4 c5 2. Nf3 Nc6 3. d4 cxd4 4. Nxd4 e5 5. Nb5 d6 6. c4 Be6 7. N1c3 a6 8. Na3 Be7 9. b3 Bg5 10. Bb2 Nge7 11. Bd3 0-0 12. 0-0 g6 13. Nd5 f5 14. exf5 gxf5 15. f4 Bh6 16. Qh5 Bg7 17. Rf3 Bf7 18. Qh3 e4 19. Rg3 Bg6 20. Bxg7 Kxg7 21. Bf1 Nxd5 22. cxd5 Qb6+ 23. Kh1 Qd4 24. Nc2 Qxd5 25. Ne3 Qf7 26. Rd1 Ne7 27. Rxd6 b5 28. Qh4 Ra7 29. Kg1 Nc8 30. Rd5 Qe6 31. Re5 Qb6 32. Rh3 Rd7 33. Qf2 Qd4 34. Rg3 Kh8 35. Rg5 Ne7 36. Re6 Rf6 37. Rxf6 Qxf6 38. Rg3 Qd4 39. Rh3 Nd5 40. Nxd5 Rxd5 41. Qxd4+ Rxd4 42. Rc3 Rd1 43. a3 Ra1 44. b4 Ra2 45. h3 Kg7 46. g4 Kf7 47. Rc7+ Kf8 48. Rc6 Rxa3 49. gxf5 Bh5 50. Rh6 Bf7 51. Be2 Ra2 52. Bg4 Kg7 53. Rd6 h5 54. f6+ Kg6 55. Be6 Bxe6 56. Rxe6 Rb2 57. Rxa6 Rxb4 58. Kf2 Rb3 59. Rb6 h4 60. f5+ Kf7 61. Re6 Rf3+ 62. Ke2 Rf4 63. Ke3 Rxf5 64. Rxe4 Kxf6 65. Rxh4 1/2-1/2

[Event "USA-ch U18"]
[Site "San Francisco"]
[Date "1999.08.01"]
[Round "5"]
[White "Braylovsky, Gregory"]
[Black "Perelshteyn, Eugene"]
[Result "1-0"]
[WhiteElo "2271"]
[BlackElo "2416"]
[PlyCount "113"]
[EventDate "1999.07.27"]
[EventType "tourn"]
[EventRounds "9"]
[EventCountry "USA"]
[EventCategory "4"]
[SourceTitle "CBM 071 Extra"]
[Source "ChessBase"]
[SourceDate "1999.09.14"]
[SourceVersion "1"]
[SourceVersionDate "1999.09.14"]
[SourceQuality "1"]

1. e4 c5 2. Nf3 g6 3. d4 Bg7 4. dxc5 Qa5+ 5. Nc3 Nf6 6. e5 Ne4 7. Qd4 f5 8. Qa4 Qxa4 9. Nxa4 d6 10. cxd6 Bd7 11. Nc3 Nxc3 12. bxc3 exd6 13. Ba3 dxe5 14. Bc4 Bf6 15. 0-0 Nc6 16. Rad1 e4 17. Nd4 Nxd4 18. cxd4 Rc8 19. Bb3 Bb5 20. Rfe1 Kd7 21. f3 Rhe8 22. Bf7 e3 23. Bxe8+ Rxe8 24. Rb1 Ba6 25. g3 f4 26. c3 b6 27. Bc1 g5 28. Kg2 Kc7 29. a4 Bb7 30. g4 Bc6 31. a5 bxa5 32. Ba3 h5 33. h3 hxg4 34. hxg4 Rh8 35. Rh1 Rh4 36. Rxh4 gxh4 37. Bf8 Bg5 38. d5 Bxd5 39. Rb5 h3+ 40. Kxh3 e2 41. Rb1 Bxf3 42. Bc5 Be4 43. Ra1 Bc2 44. Bxa7 Bd1 45. Bf2 a4 46. Be1 Kc6 47. Kg2 Kd5 48. Rb1 Bb3 49. Kf3 Kc4 50. Kxe2 a3 51. Kf3 a2 52. Rc1 Kd3 53. Kf2 Bd5 54. Rd1+ Kc2 55. Rd2+ Kc1 56. Rxd5 a1Q 57. Rxg5 1-0

[Event "USA-ch U18"]
[Site "San Francisco"]
[Date "1999.07.29"]
[Round "3"]
[White "Braylovsky, Gregory"]
[Black "Martinez, Marcel"]
[Result "0-1"]
[WhiteElo "2271"]
[BlackElo "2327"]
[PlyCount "86"]
[EventDate "1999.07.27"]
[EventType "tourn"]
[EventRounds "9"]
[EventCountry "USA"]
[EventCategory "4"]
[SourceTitle "CBM 071 Extra"]
[Source "ChessBase"]
[SourceDate "1999.09.14"]
[SourceVersion "1"]
[SourceVersionDate "1999.09.14"]
[SourceQuality "1"]

1. e4 c5 2. Nf3 d6 3. d4 cxd4 4. Qxd4 a6 5. Be3 Nc6 6. Qd2 Nf6 7. Nc3 g6 8. 0-0-0 Bg4 9. h3 Bxf3 10. gxf3 Bg7 11. f4 Qa5 12. Kb1 Rc8 13. f3 0-0 14. Nd5 Nxd5 15. Qxd5 Qc7 16. Rh2 e6 17. Qb3 b5 18. Rhd2 Na5 19. Qb4 d5 20. c3 Rfe8 21. f5 Nc4 22. Bxc4 Bf8 23. Qb3 dxc4 24. Qc2 exf5 25. Bd4 fxe4 26. fxe4 Qc6 27. Re2 Qe6 28. h4 Qg4 29. h5 Qxh5 30. Rh2 Qf3 31. Rdh1 h5 32. e5 Bg7 33. Rh3 Qc6 34. Re1 Re6 35. Qf2 Rce8 36. Rf1 R8e7 37. Rf3 Qb7 38. Bc5 Rd7 39. a3 Rxe5 40. Ka2 Red5 41. Be3 Rd3 42. Qg3 a5 43. Qh4 Qd5 0-1

[Event "USA-ch U18"]
[Site "San Francisco"]
[Date "1999.07.28"]
[Round "2"]
[White "Akopyan, Harutyun"]
[Black "Braylovsky, Gregory"]
[Result "1/2-1/2"]
[WhiteElo "2269"]
[BlackElo "2271"]
[PlyCount "117"]
[EventDate "1999.07.27"]
[EventType "tourn"]
[EventRounds "9"]
[EventCountry "USA"]
[EventCategory "4"]
[SourceTitle "CBM 071 Extra"]
[Source "ChessBase"]
[SourceDate "1999.09.14"]
[SourceVersion "1"]
[SourceVersionDate "1999.09.14"]
[SourceQuality "1"]

1. d4 Nf6 2. c4 g6 3. Nc3 d5 4. cxd5 Nxd5 5. e4 Nxc3 6. bxc3 Bg7 7. Nf3 c5 8. Rb1 0-0 9. Be2 Qa5 10. Rb5 Qxa2 11. Rxc5 Nd7 12. Rb5 a5 13. Rb3 Nf6 14. Nd2 Bd7 15. Ra3 Qe6 16. e5 Nd5 17. c4 Nb4 18. Bf3 Ra7 19. Bb2 b5 20. d5 Qb6 21. 0-0 Rc8 22. Nb3 Rxc4 23. Bd4 Rxd4 24. Nxd4 Bxe5 25. Nc6 Nxc6 26. dxc6 Be6 27. Bd5 Bf5 28. g4 Qc5 29. Re3 Bxg4 30. Rxe5 Bxd1 31. Bxf7+ Kxf7 32. Rxc5 Bg4 33. Rxb5 Rc7 34. Rc1 Bd7 35. Rbc5 Rc8 36. Kf1 Be8 37. Rxa5 Rxc6 38. Rxc6 Bxc6 39. f4 Be4 40. Kf2 Bf5 41. Ke3 Kf6 42. Ra8 Bh3 43. Ra6+ e6 44. Ra7 h5 45. Ra5 Bg2 46. Rg5 Bh3 47. Kd4 Bf5 48. h4 Bc2 49. Rb5 Bf5 50. Re5 Bg4 51. Kc5 Ke7 52. Kc6 Bf3+ 53. Kc7 Bg4 54. Ra5 Bf5 55. Ra4 Bc2 56. Rb4 Bf5 57. Rc4 Bg4 58. Rc5 Bf5 59. Re5 1/2-1/2